000 00482nam a2200193Ia 4500
005 20250423094551.0
008 250422s9999 xx 000 0 und d
020 _a0764543849
050 _aQA 76 .73 .B3 B398/
100 _aReynolds, Matthew.
245 0 _aBeginning VB.NET
250 _a2nd ed.
260 _aIndianapolis
260 _bWrox
260 _c2003
300 _a856 p
650 _aVisual Basic. Internet programming. Microsoft .NET Framework.
942 _cBK
999 _c27630
_d27630